[Event "Gaprindashvili Cup (Women)"]
[Site "Tornelo INT"]
[Date "2020.11.08"]
[Round "2"]
[White "Donghvani, Nia"]
[Black "Maghlakelidze, Rusudan"]
[Result "1/2-1/2"]
[WhiteElo "1985"]
[BlackElo "1613"]
[PlyCount "78"]
[EventDate "2020.11.08"]
[EventType "swiss (rapid)"]
[EventRounds "9"]
[EventCountry "GEO"]
[SourceTitle "CBM 199 Extra"]
[Source "ChessBase"]
[SourceDate "2021.01.31"]
[SourceVersion "1"]
[SourceVersionDate "2021.01.31"]
[SourceQuality "1"]

1. d4 d6 2. c4 e5 3. dxe5 dxe5 4. Qxd8+ Kxd8 5. Nc3 c6 6. e4 Be6 7. Be3 Nd7 8. 0-0-0 Kc7 9. f4 f6 10. Nf3 Be7 11. Be2 Bg4 12. h3 Bxf3 13. Bxf3 Nh6 14. g4 g5 15. f5 Nf7 16. Be2 b6 17. h4 h6 18. Kc2 Bc5 19. Bxc5 Nxc5 20. b4 Nb7 21. Bd3 gxh4 22. Rxh4 Rad8 23. b5 Nc5 24. bxc6 Rxd3 25. Rxd3 Nxd3 26. Kxd3 Kxc6 27. Nd5 Rd8 28. Kc3 Rd6 29. Rh1 Ng5 30. Kd3 Nf7 31. Ke3 Kc5 32. Kd3 Kc6 33. a3 Kc5 34. Rb1 Kc6 35. Ke3 Ng5 36. Rh1 Nf7 37. Kd3 Kc5 38. Rb1 Kc6 39. Ke3 Ng5 1/2-1/2

[Event "Wch U12 Girls"]
[Site "Batumi"]
[Date "2016.10.26"]
[Round "7"]
[White "Chatzipanagiotou, Asimenia"]
[Black "Maghlakelidze, Rusudan"]
[Result "1/2-1/2"]
[WhiteElo "1246"]
[BlackElo "1380"]
[PlyCount "47"]
[EventDate "2016.10.19"]
[EventType "swiss"]
[EventRounds "11"]
[EventCountry "GEO"]
[SourceTitle "EXT 2018"]
[Source "ChessBase"]
[SourceDate "2017.10.13"]
[SourceVersion "1"]
[SourceVersionDate "2017.10.13"]
[SourceQuality "1"]

1. e4 c5 2. b3 Nc6 3. Bb2 d6 4. Bb5 Bd7 5. f4 a6 6. Bxc6 Bxc6 7. Nc3 Nf6 8. d3 g6 9. Nf3 Bg7 10. 0-0 0-0 11. Qe1 b5 12. Ne2 Qc7 13. Qh4 Ne8 14. Ng5 h6 15. Bxg7 Kxg7 16. Nf3 e6 17. Ng3 Qd8 18. Qxd8 Rxd8 19. d4 cxd4 20. Nxd4 Bb7 21. Rad1 Nf6 22. Rfe1 e5 23. fxe5 dxe5 24. Nf3 1/2-1/2

[Event "Wch U12 Girls"]
[Site "Batumi"]
[Date "2016.10.22"]
[Round "4"]
[White "Maghlakelidze, Rusudan"]
[Black "Juhasz, Judit"]
[Result "0-1"]
[WhiteElo "1380"]
[BlackElo "1896"]
[PlyCount "72"]
[EventDate "2016.10.19"]
[EventType "swiss"]
[EventRounds "11"]
[EventCountry "GEO"]
[SourceTitle "EXT 2018"]
[Source "ChessBase"]
[SourceDate "2017.10.13"]
[SourceVersion "1"]
[SourceVersionDate "2017.10.13"]
[SourceQuality "1"]

1. e4 c5 2. Nf3 g6 3. Bc4 Bg7 4. c3 d6 5. Qb3 e6 6. d4 cxd4 7. cxd4 Ne7 8. 0-0 0-0 9. Be3 Nbc6 10. Qc2 d5 11. exd5 exd5 12. Be2 Bf5 13. Qd2 Bg4 14. Ng5 Nf5 15. Ne4 dxe4 16. d5 Ncd4 17. Nc3 Qa5 18. Bxg4 Rfd8 19. Bxf5 Nxf5 20. Rfd1 Bxc3 21. bxc3 Rac8 22. Rac1 Rc4 23. Bg5 Rd7 24. g4 e3 25. Qe2 exf2+ 26. Kf1 Nd6 27. Bh6 Re4 28. Qf3 Qb5+ 29. Kxf2 Qc4 30. h3 Rde7 31. Rd2 R4e5 32. Kg2 Ne4 33. Re2 Qxd5 34. Bf4 R5e6 35. c4 Qc6 36. Kh2 Ng5 0-1

[Event "Wch U12 Girls"]
[Site "Batumi"]
[Date "2016.10.20"]
[Round "2"]
[White "Maghlakelidze, Rusudan"]
[Black "Wikar, Martyna"]
[Result "0-1"]
[WhiteElo "1380"]
[BlackElo "1867"]
[PlyCount "86"]
[EventDate "2016.10.19"]
[EventType "swiss"]
[EventRounds "11"]
[EventCountry "GEO"]
[SourceTitle "EXT 2018"]
[Source "ChessBase"]
[SourceDate "2017.10.13"]
[SourceVersion "1"]
[SourceVersionDate "2017.10.13"]
[SourceQuality "1"]

1. e4 c5 2. Nf3 a6 3. c3 d5 4. exd5 Qxd5 5. d4 e6 6. Be2 Nf6 7. 0-0 Nc6 8. Be3 cxd4 9. cxd4 Be7 10. Nc3 Qd6 11. a3 0-0 12. Qb3 b5 13. Rad1 Bb7 14. Rfe1 Rfd8 15. h3 Rac8 16. Rd2 Na5 17. Qa2 Ne4 18. Nxe4 Bxe4 19. b4 Nc4 20. Bxc4 bxc4 21. Ne5 c3 22. Rdd1 Bf6 23. Ng4 c2 24. Nxf6+ gxf6 25. Rc1 Qd5 26. Qxd5 exd5 27. f3 Bd3 28. Bd2 Rc4 29. Be3 Kg7 30. Kf2 Rdc8 31. Bd2 Bg6 32. Be3 Rc3 33. Ra1 Rb3 34. Bc1 Rc4 35. Be3 Rcc3 36. a4 Rxb4 37. Bd2 Rb2 38. Bc1 Rb1 39. Bd2 c1Q 40. Bxc1 Rxa1 41. Bh6+ Kxh6 42. Rxa1 Rd3 43. a5 Rxd4 0-1